The complete book of comprehensives
| Main Author: | |
|---|---|
| Format: | Book |
| Published: |
New York :
Van Nostrand Reinhold ,
1990
|
| Subjects: |
MARC
| LEADER | 00000cam a2200000 7i4500 | ||
|---|---|---|---|
| 001 | 0000004857 | ||
| 002 | 000005238 | ||
| 005 | 20000330.0 | ||
| 020 | |a 0442217420 | ||
| 090 | 0 | 0 | |a 741.6 |b CUL |
| 100 | 1 | |a Cullinane, Robert | |
| 245 | 1 | 4 | |a The complete book of comprehensives |c Robert Cullinane |
| 260 | |a New York : |b Van Nostrand Reinhold , |c 1990 | ||
| 300 | |a 190 p. ; |c 27 cm. | ||
| 650 | 0 | 0 | |a Graphic arts |x Handbooks,manuals,etc |
| 999 | |a 037628 |b BUKU |c PINJAMAN |e PERPUSTAKAAN KOMUNITI PETALING JAYA | ||